00540nam a2200157 i 4500001000300000100002700003245009100030260002100121040000800142041000800150942000700158008004100165999001700206856009800223952006100321bg1 aPOZNAŃSKI, Kazimierz 0aDziałalność innowacyjna przemysłu :bElementy diagnozy /cKazimierz Poznański. aWarszawa,c1981. cBPK apol cKS s pl f |000 0 pol  c20600d20600 uhttp://koha.tu.koszalin.pl/cgi-bin/koha/opac-detail.pl?biblionumber=20600yKatalog online BPK 00104070aBPKbBPKcwo29000p01621815s2014-11-25yKS